000 00603nam a22001817a 4500
005 20251108165207.0
008 250721s1993 xx 000 0 ara d
082 1 4 _a956/جبر
100 1 _aالجبري، عبد المتعال
245 1 0 _aالحضارة و التمدن الإسلامي بأقلام فلاسفه النصارى /
264 1 _aالقاهرة :
_bمكتبة وهبه،
_c1993.
300 _a182ص
650 1 7 _aتاريخ العرب
650 1 7 _aالحضارة الإسلامية
650 1 7 _aالإستشراق و المستشرقون
942 _2ddc
_cBK
999 _c21768
_d21768